Protocol establishes national company pollution registers (Record no. 72106)

MARC details
000 -LEADER
fixed length control field 00940cam a2200205 4500
001 - CONTROL NUMBER
control field WB3906-07
008 - FIXED-LENGTH DATA ELEMENTS--GENERAL INFORMATION
fixed length control field 030213n2003 000 0 eng u
035 ## - SYSTEM CONTROL NUMBER
System control number (Sirsi) u121338
245 ## - TITLE STATEMENT
Title Protocol establishes national company pollution registers
260 ## - PUBLICATION, DISTRIBUTION, ETC.
Date of publication, distribution, etc. 2003
490 ## - SERIES STATEMENT
Series statement RICS Environment Faculty News
Volume/sequential designation 10 February 2003, (1)
520 ## - SUMMARY, ETC.
Summary, etc. Minerals and waste operators are among industries which will be required to report annually on their pollution data for inclusion in a public national register of industrial pollutants, following the agreement on 31 January of a new UN international treaty. http://www.rics.org/ricscms/bin/show?class=News&template=/includes/shownews.html&id=4832.
590 ## - LOCAL NOTE (RLIN)
Local note WB
650 ## - SUBJECT ADDED ENTRY--TOPICAL TERM
Topical term or geographic name entry element AARHUS CONVENTION
650 ## - SUBJECT ADDED ENTRY--TOPICAL TERM
Topical term or geographic name entry element POLLUTANT RELEASE AND TRANSFER REGISTER
650 ## - SUBJECT ADDED ENTRY--TOPICAL TERM
Topical term or geographic name entry element INDUSTRIAL POLLUTION
650 ## - SUBJECT ADDED ENTRY--TOPICAL TERM
Topical term or geographic name entry element POLLUTION LEVELS
690 ## - LOCAL SUBJECT ADDED ENTRY--TOPICAL TERM (OCLC, RLIN)
Topical term or geographic name as entry element ENVIRONMENTAL AND LAND CONSULTANCY
942 ## - ADDED ENTRY ELEMENTS (KOHA)
Suppress in OPAC 0
Holdings
Withdrawn status Lost status Source of classification or shelving scheme Damaged status Not for loan Home library Current library Shelving location Date acquired Total Checkouts Full call number Barcode Date last seen Copy number Price effective from Koha item type
    Dewey Decimal Classification     London London News article 13/02/2003   WB3906-07 121338-1001 06/08/2019 1 06/08/2019 News article